Introducción a las cajas de ahorros / (Record no. 66220)

MARC details
000 -LEADER
campo de control de longitud fija 00667nam a2200193 i 4500
001 - NÚMERO DE CONTROL
campo de control 66220
003 - IDENTIFICADOR DE NÚMERO DE CONTROL
campo de control ES-MaACL
005 - FECHA Y HORA DE LA ÚLTIMA TRANSACCIÓN
campo de control 20250814221004.0
007 - CAMPO FIJO DE DESCRIPCIÓN FÍSICA--INFORMACIÓN GENERAL
campo de control de longitud fija t|
008 - DATOS DE LONGITUD FIJA--INFORMACIÓN GENERAL
campo de control de longitud fija 040129s1972 sp ||||1| spa d
100 1# - ENTRADA PRINCIPAL--NOMBRE DE PERSONA
Nombre de persona Galán Galindo, Angel.
9 (RLIN) 53302
245 10 - MENCIÓN DEL TÍTULO
Título Introducción a las cajas de ahorros /
Mención de responsabilidad, etc. por Angel Galán Galindo y José Manuel González Páramo.
260 ## - PUBLICACIÓN, DISTRIBUCIÓN, ETC.
Lugar de publicación, distribución, etc. Madrid :
Nombre del editor, distribuidor, etc. Confederación Española de Cajas de Ahorros,
Fecha de publicación, distribución, etc. [1972]
300 ## - DESCRIPCIÓN FÍSICA
Extensión 166 p., graf. ;
Dimensiones 22 cm.
650 #4 - PUNTO DE ACCESO ADICIONAL DE MATERIA--TÉRMINO DE MATERIA
Término de materia o nombre geográfico como elemento de entrada Cajas de ahorros-
Subdivisión geográfica España.
9 (RLIN) 10665
700 1# - ENTRADA AGREGADA--NOMBRE PERSONAL
Nombre de persona González Páramo, José Manuel,
Fechas asociadas al nombre 1927-
9 (RLIN) 152414
852 ## - LOCALIZACIÓN
Ubicación ES-MaACL
Número de control de estantería C-43774
Sublocalización o colección R.82714
Holdings
Estatus retirado Estado de pérdida Estado de daño No para préstamo Biblioteca de origen Biblioteca actual Ubicación en estantería Fecha de adquisición Fuente de adquisición Total de préstamos Signatura topográfica completa Código de barras Visto por última vez Precio de reemplazo Tipo de ítem Koha
        Biblioteca del Ateneo de Madrid Biblioteca del Ateneo de Madrid Depósito 2 17/01/2008     C-43774 1069378 23/02/2023 23/02/2023 Libro impreso